[Event "Roncana op-B 14th"]
[Site "Santa Eulalia de Roncana"]
[Date "2022.11.12"]
[Round "5"]
[White "Carrera Font, Daniel"]
[Black "Carrasco Gomez, Ariadna"]
[Result "1-0"]
[WhiteElo "1407"]
[BlackElo "1480"]
[PlyCount "71"]
[EventDate "2022.10.08"]
[EventType "swiss"]
[EventRounds "8"]
[EventCountry "ESP"]
[SourceTitle "EXT 2024"]
[Source "ChessBase"]
[SourceDate "2023.10.10"]
[SourceVersion "1"]
[SourceVersionDate "2023.10.10"]
[SourceQuality "1"]

1. e4 c6 2. Nc3 d5 3. d4 dxe4 4. Nxe4 Nd7 5. Be3 Ngf6 6. Bd3 e6 7. Nf3 Nxe4 8. Bxe4 Nf6 9. Bd3 Bd6 10. 0-0 0-0 11. Bg5 h6 12. Bh4 Be7 13. h3 Qb6 14. Rb1 Re8 15. c3 Nd5 16. Bxe7 Nxe7 17. Ne5 c5 18. Qc2 cxd4 19. Bh7+ Kf8 20. cxd4 Qxd4 21. Rfe1 g6 22. Re4 Qd5 23. Rd1 Qa5 24. Qe2 Kg7 25. Qf3 Rf8 26. b4 Qxa2 27. Rd8 Qb1+ 28. Kh2 Qxe4 29. Qxe4 Rxd8 30. Qh4 Re8 31. Ng4 Nf5 32. Qf6+ Kxh7 33. Qxf7+ Ng7 34. Nf6+ Kh8 35. Qxg6 Bd7 36. Qh7# 1-0

[Event "Moia op 5th"]
[Site "Moia"]
[Date "2016.09.30"]
[Round "2"]
[White "Carrera Font, Daniel"]
[Black "Barcons Gallach, Salvador"]
[Result "1-0"]
[WhiteElo "1423"]
[BlackElo "1764"]
[PlyCount "73"]
[EventDate "2016.09.23"]
[EventType "swiss"]
[EventRounds "8"]
[EventCountry "ESP"]
[SourceTitle "EXT 2018"]
[Source "ChessBase"]
[SourceDate "2017.10.13"]
[SourceVersion "1"]
[SourceVersionDate "2017.10.13"]
[SourceQuality "1"]

1. e4 d5 2. exd5 Qxd5 3. Nc3 Qa5 4. Qf3 c6 5. d4 Bf5 6. Bd3 Bxd3 7. Qxd3 e6 8. Nf3 Nf6 9. 0-0 Nbd7 10. Bd2 Rd8 11. Qe2 Qb6 12. Rab1 Nd5 13. Nxd5 cxd5 14. c3 Nf6 15. Bg5 Be7 16. Ne5 h6 17. Bh4 Ne4 18. Bxe7 Kxe7 19. f3 f6 20. Ng6+ Kd6 21. Nxh8 Nxc3 22. bxc3 Qc7 23. Ng6 Qxc3 24. Rfd1 Rb8 25. Nf4 e5 26. dxe5+ Qxe5 27. Rxd5+ Qxd5 28. Nxd5 Kxd5 29. Rd1+ Kc5 30. Qc2+ Kb5 31. Rb1+ Ka5 32. Qb3 b5 33. a4 a6 34. Qb4+ Kb6 35. axb5 a5 36. Qd6+ Ka7 37. Qa6# 1-0

[Event "Roncana op-B 9th"]
[Site "Santa Eulalia de Roncana"]
[Date "2015.11.07"]
[Round "5"]
[White "Martin Salguero, David"]
[Black "Carrera Font, Daniel"]
[Result "0-1"]
[WhiteElo "1828"]
[BlackElo "1746"]
[PlyCount "70"]
[EventDate "2015.10.03"]
[EventType "swiss"]
[EventRounds "8"]
[EventCountry "ESP"]
[SourceTitle "EXT 2017"]
[Source "ChessBase"]
[SourceDate "2016.10.25"]
[SourceVersion "1"]
[SourceVersionDate "2016.10.25"]
[SourceQuality "1"]

1. e4 e5 2. Nf3 Nc6 3. Bc4 Nf6 4. 0-0 Be7 5. Re1 0-0 6. c3 d6 7. d4 Bg4 8. Qd3 Na5 9. Bb5 Bxf3 10. Qxf3 c6 11. Ba4 Nc4 12. Nd2 Nxd2 13. Bxd2 Qa5 14. dxe5 dxe5 15. Bb3 Rad8 16. Rad1 Qc7 17. Be3 b6 18. h3 Rxd1 19. Rxd1 Rd8 20. g4 Rxd1+ 21. Bxd1 Qd6 22. Bb3 Qd3 23. Qf5 Qxe4 24. Qc8+ Bf8 25. Qc7 Nd5 26. Qxa7 Qb1+ 27. Kh2 Qxb2 28. Bxb6 Qxc3 29. Ba5 Qf3 30. Bxd5 cxd5 31. Qa8 Qxf2+ 32. Kh1 Qxa2 33. Qd8 d4 34. Bc7 Qe6 35. Qb8 f6 0-1

[Event "Vall del Tenes op 4th"]
[Site "Santa Eulalia de Roncana"]
[Date "2015.04.17"]
[Round "2"]
[White "Barcons Gallach, Salvador"]
[Black "Carrera Font, Daniel"]
[Result "1-0"]
[WhiteElo "1685"]
[BlackElo "1757"]
[PlyCount "87"]
[EventDate "2015.04.10"]
[EventType "swiss"]
[EventRounds "8"]
[EventCountry "ESP"]
[SourceTitle "CBM 166 Extra"]
[Source "ChessBase"]
[SourceDate "2015.06.18"]
[SourceVersion "1"]
[SourceVersionDate "2015.06.18"]
[SourceQuality "1"]

1. d4 d5 2. Nc3 Nf6 3. Bg5 Nc6 4. e3 e5 5. dxe5 Nxe5 6. Nxd5 Be7 7. Nxf6+ Bxf6 8. Qxd8+ Bxd8 9. Bxd8 Kxd8 10. Rd1+ Ke7 11. Be2 Be6 12. Nf3 Nc6 13. 0-0 a5 14. Nd4 Bd7 15. Bf3 Rab8 16. Nxc6+ Bxc6 17. Bxc6 bxc6 18. b3 Rb6 19. Rd4 c5 20. Re4+ Re6 21. Rc4 Kd6 22. Rd1+ Kc6 23. a4 Rd6 24. Rd3 Rhd8 25. Rcc3 Kb6 26. f4 f5 27. Kf2 c4 28. Rxd6+ cxd6 29. Rxc4 d5 30. Rd4 Kc5 31. Kf3 Re8 32. h3 Re4 33. c3 Rxd4 34. exd4+ Kd6 35. g4 g6 36. g5 Kc6 37. Ke3 Kd6 38. Kd3 Kc6 39. c4 dxc4+ 40. Kxc4 Kd6 41. b4 axb4 42. Kxb4 Kd5 43. a5 Kxd4 44. a6 1-0

[Event "Vall del Tenes op 4th"]
[Site "Santa Eulalia de Roncana"]
[Date "2015.04.10"]
[Round "1"]
[White "Carrera Font, Daniel"]
[Black "Sola Lluch, Miquel"]
[Result "0-1"]
[WhiteElo "1757"]
[BlackElo "2022"]
[PlyCount "50"]
[EventDate "2015.04.10"]
[EventType "swiss"]
[EventRounds "8"]
[EventCountry "ESP"]
[SourceTitle "CBM 166 Extra"]
[Source "ChessBase"]
[SourceDate "2015.06.18"]
[SourceVersion "1"]
[SourceVersionDate "2015.06.18"]
[SourceQuality "1"]

1. e4 e5 2. Nf3 Nc6 3. Bc4 Nf6 4. Nc3 Be7 5. d4 exd4 6. Nxd4 d6 7. f3 0-0 8. 0-0 Ne5 9. Bb3 c5 10. Nf5 Bxf5 11. exf5 c4 12. f4 Neg4 13. Bxc4 Qb6+ 14. Kh1 Nf2+ 15. Rxf2 Qxf2 16. Nd5 Nxd5 17. Bxd5 Bf6 18. Qg1 Qxc2 19. g4 Rae8 20. Be3 Qd3 21. Rd1 Qxe3 22. Qxe3 Rxe3 23. Bxb7 Rb8 24. g5 Rxb7 25. gxf6 Rxb2 0-1

[Event "Roncana op-B 8th"]
[Site "Santa Eulalia de Roncana"]
[Date "2014.11.15"]
[Round "5"]
[White "Izquierdo Fuster, Joan"]
[Black "Carrera Font, Daniel"]
[Result "0-1"]
[WhiteElo "1700"]
[BlackElo "1714"]
[PlyCount "94"]
[EventDate "2014.10.11"]
[EventType "swiss"]
[EventRounds "8"]
[EventCountry "ESP"]
[SourceTitle "EXT 2016"]
[Source "ChessBase"]
[SourceDate "2015.10.08"]
[SourceVersion "1"]
[SourceVersionDate "2015.10.08"]
[SourceQuality "1"]

1. d4 d5 2. h3 f5 3. Nf3 Nf6 4. Bf4 e6 5. a3 Nbd7 6. Nc3 a6 7. Ng5 Nb6 8. e3 Be7 9. Be2 g6 10. g4 Ne4 11. Ngxe4 dxe4 12. h4 Bxh4 13. g5 Bxg5 14. Be5 Bf6 15. Bf4 Nd5 16. Nxd5 exd5 17. c3 Qe7 18. Qa4+ Bd7 19. Qb3 Bc6 20. Bg3 Qd7 21. a4 0-0 22. c4 b5 23. cxd5 Bxd5 24. Qb4 Be7 25. Qa5 c5 26. Rc1 c4 27. axb5 axb5 28. Qc7 Qxc7 29. Bxc7 Bb4+ 30. Kf1 Ra7 31. Be5 Rfa8 32. Kg2 Rc8 33. Rc2 Ba5 34. Bd6 Bc7 35. Bb4 f4 36. Bg4 Re8 37. Rg1 f3+ 38. Kf1 Ra1+ 39. Be1 Ba5 40. Bxf3 exf3 41. Re2 fxe2+ 42. Kxe2 Rxe1+ 43. Rxe1 Bxe1 44. Kxe1 b4 45. Kd2 h5 46. f4 h4 47. Ke2 Ra8 0-1

[Event "Roncana op-B 8th"]
[Site "Santa Eulalia de Roncana"]
[Date "2014.11.08"]
[Round "4"]
[White "Carrera Font, Daniel"]
[Black "Sarrate Presas, Jordi"]
[Result "0-1"]
[WhiteElo "1714"]
[BlackElo "1890"]
[PlyCount "34"]
[EventDate "2014.10.11"]
[EventType "swiss"]
[EventRounds "8"]
[EventCountry "ESP"]
[SourceTitle "EXT 2016"]
[Source "ChessBase"]
[SourceDate "2015.10.08"]
[SourceVersion "1"]
[SourceVersionDate "2015.10.08"]
[SourceQuality "1"]

1. e4 c5 2. Nf3 d6 3. d4 Nf6 4. dxc5 Nxe4 5. cxd6 Nxd6 6. Nc3 g6 7. Bf4 Bg7 8. Bxd6 Qxd6 9. Qxd6 exd6 10. Nd5 0-0 11. 0-0-0 Na6 12. Ne7+ Kh8 13. Nxc8 Rfxc8 14. Bxa6 bxa6 15. Rxd6 Rab8 16. Kb1 Rxb2+ 17. Kc1 Rcxc2+ 0-1

[Event "Moia op 3rd"]
[Site "Moia"]
[Date "2014.10.10"]
[Round "4"]
[White "Nadal Rebarter, Joan"]
[Black "Carrera Font, Daniel"]
[Result "1-0"]
[WhiteElo "1849"]
[BlackElo "1714"]
[PlyCount "97"]
[EventDate "2014.09.19"]
[EventType "swiss"]
[EventRounds "8"]
[EventCountry "ESP"]
[SourceTitle "EXT 2016"]
[Source "ChessBase"]
[SourceDate "2015.10.08"]
[SourceVersion "1"]
[SourceVersionDate "2015.10.08"]
[SourceQuality "1"]

1. e4 e6 2. d4 d5 3. e5 c5 4. c3 Nc6 5. Nf3 Nge7 6. a3 cxd4 7. cxd4 Bd7 8. Be2 Qb6 9. b4 Ng6 10. 0-0 Be7 11. Nc3 Rc8 12. Na4 Qc7 13. Bb2 Nf4 14. Nc5 Nxe2+ 15. Qxe2 0-0 16. Rac1 Qd8 17. Nxb7 Qb6 18. Nc5 Be8 19. Bc3 Nd8 20. Rc2 Qb5 21. Qxb5 Bxb5 22. Rfc1 Bc4 23. g3 Rc7 24. Nd2 Bxc5 25. Nxc4 Be7 26. Na5 f5 27. Bd2 Rxc2 28. Rxc2 Nf7 29. Rc7 Ng5 30. Rxe7 Nf3+ 31. Kf1 Nxd2+ 32. Ke2 Ne4 33. Rxe6 Rc8 34. Rc6 Rf8 35. f3 Ng5 36. h4 Nf7 37. Nb7 Re8 38. Nd6 Rd8 39. Nxf7 Kxf7 40. Rc7+ Kg6 41. Rxa7 Rc8 42. Ra5 Rc2+ 43. Kd3 Rf2 44. Ke3 Ra2 45. f4 Ra1 46. Ra6+ Kh5 47. Ra7 Re1+ 48. Kf2 Ra1 49. Rxg7 1-0

[Event "Moia op 3rd"]
[Site "Moia"]
[Date "2014.09.19"]
[Round "1"]
[White "Benet Saniger, Xavier"]
[Black "Carrera Font, Daniel"]
[Result "1-0"]
[WhiteElo "1968"]
[BlackElo "1714"]
[PlyCount "54"]
[EventDate "2014.09.19"]
[EventType "swiss"]
[EventRounds "8"]
[EventCountry "ESP"]
[SourceTitle "EXT 2016"]
[Source "ChessBase"]
[SourceDate "2015.10.08"]
[SourceVersion "1"]
[SourceVersionDate "2015.10.08"]
[SourceQuality "1"]

1. Nf3 d5 2. d4 Nf6 3. c4 e6 4. Nc3 Bb4 5. Bg5 Be7 6. e3 0-0 7. Bd3 dxc4 8. Bxc4 Nc6 9. 0-0 Ng4 10. Bxe7 Nxe7 11. Ng5 e5 12. Qf3 Nh6 13. dxe5 Nef5 14. e6 Qxg5 15. exf7+ Nxf7 16. Qd5 Kh8 17. Ne4 Qh5 18. Ng3 Qg6 19. Bd3 N7d6 20. Nxf5 Bxf5 21. Rfd1 Bxd3 22. Rxd3 Rad8 23. Rad1 Qf6 24. R1d2 c6 25. Qa5 Ne4 26. Qxd8 Nxd2 27. Qxf6 Rxf6 1-0

[Event "Roncana op-B 7th"]
[Site "Santa Eulalia de Roncana"]
[Date "2013.11.09"]
[Round "5"]
[White "Nicomedes Carmona, Jose"]
[Black "Carrera Font, Daniel"]
[Result "0-1"]
[WhiteElo "1763"]
[BlackElo "1434"]
[PlyCount "60"]
[EventDate "2013.10.05"]
[EventType "swiss"]
[EventRounds "8"]
[EventCountry "ESP"]
[SourceTitle "EXT 2015"]
[Source "ChessBase"]
[SourceDate "2014.11.20"]
[SourceVersion "1"]
[SourceVersionDate "2014.11.20"]
[SourceQuality "1"]

1. e4 e5 2. Bc4 Nf6 3. Nc3 c6 4. Nf3 d5 5. exd5 cxd5 6. Bb5+ Bd7 7. Nxe5 Bxb5 8. Nxb5 Bd6 9. Nxd6+ Qxd6 10. d4 0-0 11. 0-0 Nc6 12. f4 Ne7 13. c3 Ng6 14. Be3 Ne4 15. Qd3 f5 16. Qb5 Rab8 17. Nd7 a6 18. Qa4 b5 19. Qa5 Qxd7 20. Qxa6 Nd6 21. b3 Ra8 22. Qb6 Rfc8 23. Rfc1 Rc6 24. Qc5 Rxc5 25. dxc5 Ne4 26. g3 Qc6 27. b4 Ra3 28. Rc2 Rxc3 29. Rxc3 Nxc3 30. Bd4 Ne2+ 0-1

[Event "Moia op 1st"]
[Site "Moia"]
[Date "2013.06.30"]
[Round "7"]
[White "Carrera Font, Daniel"]
[Black "Climent Piguillem, Sixte"]
[Result "1-0"]
[WhiteElo "1700"]
[BlackElo "1700"]
[PlyCount "42"]
[EventDate "2013.05.19"]
[EventType "swiss"]
[EventRounds "8"]
[EventCountry "ESP"]
[SourceTitle "EXT 2014"]
[Source "ChessBase"]
[SourceDate "2013.11.20"]
[SourceVersion "1"]
[SourceVersionDate "2013.11.20"]
[SourceQuality "1"]

1. e4 Nf6 2. Nc3 d6 3. Nf3 Bg4 4. Be2 g6 5. h3 Be6 6. d4 c6 7. Ng5 d5 8. Nxe6 fxe6 9. e5 Nfd7 10. h4 h5 11. Qd3 Rg8 12. Rh3 Nb6 13. Rg3 Na6 14. a3 Kd7 15. Bxh5 c5 16. dxc5 Nc4 17. Bg4 Nxc5 18. Bxe6+ Kxe6 19. Rxg6+ Rxg6 20. Qxg6+ Kxe5 21. f4+ Kd4 1-0

[Event "Moia op 1st"]
[Site "Moia"]
[Date "2013.05.26"]
[Round "2"]
[White "Carrera Font, Daniel"]
[Black "Arimany Sala, Jordi"]
[Result "0-1"]
[WhiteElo "1700"]
[BlackElo "1856"]
[PlyCount "62"]
[EventDate "2013.05.19"]
[EventType "swiss"]
[EventRounds "8"]
[EventCountry "ESP"]
[SourceTitle "EXT 2014"]
[Source "ChessBase"]
[SourceDate "2013.11.20"]
[SourceVersion "1"]
[SourceVersionDate "2013.11.20"]
[SourceQuality "1"]

1. Nf3 b6 2. d4 Bb7 3. c4 e6 4. Nc3 Bb4 5. Qb3 Na6 6. e3 Bxf3 7. gxf3 c5 8. Bd2 cxd4 9. exd4 Qf6 10. a3 Bf8 11. Bg2 Qxd4 12. Nb5 Qe5+ 13. Be3 Bc5 14. f4 Qb8 15. Bxa8 Qxa8 16. 0-0-0 Nf6 17. Bxc5 Nxc5 18. Nc7+ Kd8 19. Nxa8 Nxb3+ 20. Kc2 Nc5 21. f3 Kc8 22. b4 Na6 23. Rhg1 g6 24. Rg5 Kb7 25. Nxb6 axb6 26. Rb5 d5 27. c5 Nd7 28. Kb2 Nc7 29. c6+ Kxc6 30. Rc1+ Kb7 31. Rbc5 Nxc5 0-1

[Event "Moia op 1st"]
[Site "Moia"]
[Date "2013.05.19"]
[Round "1"]
[White "Canovas Pardo, Jordi"]
[Black "Carrera Font, Daniel"]
[Result "1-0"]
[WhiteElo "1744"]
[BlackElo "1700"]
[PlyCount "77"]
[EventDate "2013.05.19"]
[EventType "swiss"]
[EventRounds "8"]
[EventCountry "ESP"]
[SourceTitle "EXT 2014"]
[Source "ChessBase"]
[SourceDate "2013.11.20"]
[SourceVersion "1"]
[SourceVersionDate "2013.11.20"]
[SourceQuality "1"]

1. e4 e5 2. d4 exd4 3. Qxd4 Nc6 4. Qe3 Bd6 5. Nc3 a6 6. Bd2 Nf6 7. 0-0-0 0-0 8. f4 Ng4 9. Qg3 Nf6 10. e5 Nh5 11. Qg4 Nf6 12. exf6 Qxf6 13. Ne4 Qe6 14. Qxe6 dxe6 15. Nxd6 cxd6 16. Nf3 e5 17. fxe5 dxe5 18. Bd3 Re8 19. Rhe1 Bg4 20. h3 Bh5 21. g4 Bg6 22. Bxg6 fxg6 23. Re4 Re7 24. Rde1 Rae8 25. Bc3 h6 26. a3 b5 27. Bb4 Re6 28. Bc5 Kf7 29. g5 h5 30. b4 Rd8 31. Rd1 Ree8 32. Rxd8 Rxd8 33. Nxe5+ Nxe5 34. Rxe5 Re8 35. Rxe8 Kxe8 36. Kd2 Kf7 37. Ke3 Ke6 38. Ke4 h4 39. c3 1-0